000 00570nam a22002057a 4500
003 OSt
005 20151125122310.0
008 151125b xxu||||| |||| 00| 0 eng d
020 _a0071180966
040 _cDDC
082 _a371.2HOY 2001.
100 _aMiskel,G.Cecil;Hoy,K.Wayne.
_96283
245 _aEducational Admistration;
_bTheory ,Research and Practice.
250 _a6th ed.
260 _aBoston;
_bMcGraw Hill,
_c2001.
300 _axiv,498p;
_bill;
_c24cm.
504 _aincludes Bibliography and index.
651 _aEducation.
_96284
942 _2ddc
_cSLOAN
999 _c2675
_d2675